Modern insecticides and world food production

Salvato in:
Dettagli Bibliografici
Autore principale: F A Gunther
Natura: Libro
Lingua:Undetermined
Pubblicazione: New York John Wiley 1960
Soggetti:
Tags: Aggiungi Tag
Nessun Tag, puoi essere il primo ad aggiungerne! !
Thư viện lưu trữ: Trung tâm Học liệu Trường Đại học Cần Thơ
LEADER 00491nam a2200181Ia 4500
001 CTU_13154
008 210402s9999 xx 000 0 und d
082 |a 632.951 
082 |b G977 
100 |a F A Gunther 
245 0 |a Modern insecticides and world food production 
245 0 |c F A Gunther, L R Jeppson 
260 |a New York 
260 |b John Wiley 
260 |c 1960 
650 |a insecticides 
904 |i Minh, 961122 
980 |a Trung tâm Học liệu Trường Đại học Cần Thơ